LIBRARY & INFORMATION CENTRE, KCAET, TAVANUR

ONLINE PUBLIC ACCESS CATALOGUE (OPAC)

Advanced Engineering Mathematics / (Record no. 6547)

MARC details
000 -LEADER
fixed length control field 00364cam a2200145ua 4500
020 ## - INTERNATIONAL STANDARD BOOK NUMBER
ISBN 8126508272
082 ## - DEWEY DECIMAL CLASSIFICATION NUMBER
Classification number 519.0624
Item number KRE/AD
100 ## - MAIN ENTRY--AUTHOR NAME
Personal name Kreyszig, Erwin .
245 ## - TITLE STATEMENT
Title Advanced Engineering Mathematics /
250 ## - EDITION STATEMENT
Edition statement 8 /
260 ## - PUBLICATION, DISTRIBUTION, ETC. (IMPRINT)
Place of publication New Delhi :
Name of publisher Wiley Eastern Ltd ,
Year of publication 2006
300 ## - PHYSICAL DESCRIPTION
Number of Pages 988 ; .1156
500 ## - GENERAL NOTE
General note BB 86, BB 87 CSS
942 ## - ADDED ENTRY ELEMENTS (KOHA)
Koha item type Books
Holdings
Withdrawn status Lost status Damaged status Home library Current library Date acquired Full call number Accession Number Koha item type Shelving location Source of acquisition Cost, normal purchase price
Withdrawn   Damaged KAUAET KAUAET 31/03/1986 519 KRE/AD 15291 Books      
      KAUAET KAUAET 07/04/2012 519 KRE/AD BB 87 Book Bank scheme for SC students Scheme Penta Books. 449.00
      KAUAET KAUAET 07/04/2012 519 KRE/AD BB 86 Book Bank scheme for SC students Scheme Penta Books. 449.00
free website counter